00840nam a22002177a 4500003000500000005001700005008004100022010001100063011001100074035001100085040000900096100004300105245012300148260004000271500006000311502008400371650003900455650003600494650002800530856006400558CHAP20220329143915.0080812s2012 mx r 00010 spa d a103571 a104543 a115233 cCHAP1 aCortés Carreño, José Cruz Jorge.13aLa construcción histórico crítica del sujeto políticoh[En línea]c/por José Cruz Jorge Cortés Carreño aChapingo, Méx. :bEl autor,c2012 aPara ver el contenido del material haga clic en la liga aTesis (Ph. D. en Ciencias Agrarias) -- UACH. Departamento de Sociología Rural04aCiencias políticasxFilosofía.04aCiencias políticasxHistoria.04aFilosofía política. 3Finding aiduhttp://10.13.5.2/tesis/115233.pdfzTeclea aqui